| 000 | 00576pab a2200205 454500 | ||
|---|---|---|---|
| 008 | 180718b2014 xxu||||| |||| 00| 0 eng d | ||
| 100 | _aBhattacharjee, Manojit | ||
| 245 | _aAccessibility to credit and its determinants: A state-level analysis of cultivator households in India | ||
| 260 | _c2014 | ||
| 300 | _ap.285-300. | ||
| 362 | _aAug | ||
| 650 | _aFarmers - India | ||
| 650 | _aAgricultural credit - India | ||
| 650 | _aCredit - India | ||
| 650 | _aAgricultural credit | ||
| 700 | _aRajeev, Meenakshi | ||
| 773 | _aMargin | ||
| 908 | _aN | ||
| 909 | _a106165 | ||
| 999 |
_c106160 _d106160 |
||